MARC details
| 000 -CABECERA |
| campo de control de longitud fija |
01057cam a2200265 a 4500 |
| 001 - NÚMERO DE CONTROL |
| campo de control |
000001034 |
| 005 - FECHA Y HORA DE LA ÚLTIMA TRANSACCIÓN |
| campo de control |
20200929145453.0 |
| 008 - DATOS DE LONGITUD FIJA--INFORMACIÓN GENERAL |
| campo de control de longitud fija |
961018s1995 it ach c 000 0 ita d |
| 020 ## - NÚMERO INTERNACIONAL ESTÁNDAR DEL LIBRO |
| Número Internacional Estándar del Libro |
8880790633 |
| 040 ## - FUENTE DE LA CATALOGACIÓN |
| Centro catalogador/agencia de origen |
DO-SdBNP |
| Centro/agencia transcriptor |
NNFr |
| Centro/agencia modificador |
DLC |
| 043 ## - CÓDIGO DE ÁREA GEOGRÁFICA |
| Código de área geográfica |
e-it--- |
| 082 ## - NÚMERO DE LA CLASIFICACIÓN DECIMAL DEWEY |
| Número de clasificación |
851.4 |
| Número de documento/Ítem |
D111r |
| 100 1# - ENTRADA PRINCIPAL--NOMBRE DE PERSONA |
| Nombre de persona |
Da Pozzo, Giovanni |
| 9 (RLIN) |
3578 |
| 245 13 - MENCIÓN DE TÍTULO |
| Título |
La ragione e l'arte : |
| Resto del título |
Torquato Tasso e la Repubblica Veneta / |
| Mención de responsabilidad, etc. |
Giovanni Da Pozzo. |
| 260 ## - PUBLICACIÓN, DISTRIBUCIÓN, ETC. |
| Lugar de publicación, distribución, etc. |
Venecia : |
| Nombre del editor, distribuidor, etc. |
Il Cardo, |
| Fecha de publicación, distribución, etc. |
1995. |
| 300 ## - DESCRIPCIÓN FÍSICA |
| Extensión |
255 p. : |
| Otras características físicas |
il. retrs., fascíms. ; |
| Dimensiones |
29 cm. |
| 500 ## - NOTA GENERAL |
| Nota general |
"Catálogo de la exposición. Venecia, Biblioteca Marciana, Sansovino Biblioteca, 10 de octubre-11 de noviembre de 1995" - 3 ª Prelim. |
| 504 ## - NOTA DE BIBLIOGRAFÍA, ETC. |
| Nota de bibliografía, etc. |
Incluye referencias bibliográficas |
| 600 10 - PUNTO DE ACCESO ADICIONAL DE MATERIA--NOMBRE DE PERSONA |
| Nombre de persona |
TASSO, TORQUATO, |
| Fechas asociadas al nombre |
1544-1595 |
| Subdivisión de forma |
EXPOSICIONES |
| 9 (RLIN) |
3579 |
| 600 10 - PUNTO DE ACCESO ADICIONAL DE MATERIA--NOMBRE DE PERSONA |
| Nombre de persona |
TASSO, TORQUATO, |
| Fechas asociadas al nombre |
1544-1595 |
| Subdivisión de forma |
BIBLIOGRAFÍA |
| 9 (RLIN) |
3580 |
| 651 #0 - PUNTO DE ACCESO ADICIONAL DE MATERIA--NOMBRE GEOGRÁFICO |
| Nombre geográfico |
Venecia (Italia{Rpara} |
| Subdivisión general |
Vida Intelectual |
| Subdivisión de forma |
EXPOSICIONES |
| 9 (RLIN) |
3581 |
| 700 1# - PUNTO DE ACCESO ADICIONAL--NOMBRE DE PERSONA |
| Nombre de persona |
Da Pozzo, Giovanni. |
| 9 (RLIN) |
3578 |
| 710 2# - PUNTO DE ACCESO ADICIONAL--NOMBRE DE ENTIDAD CORPORATIVA |
| Nombre de entidad corporativa o nombre de jurisdicción como elemento de entrada |
Libreria sansoviniana. |
| 9 (RLIN) |
3582 |
| 910 ## - DATOS DE OPCIÓN DEL USUARIO (OCLC) |
| Datos de opción del usuario |
Catalogación por copia / LC |